El día de René, el conejo café / (Registro nro. 12506)
[ vista simple ]
| 000 -LIDER | |
|---|---|
| fixed length control field | 00658nam a22002057a 4500 |
| 003 - IDENTIFICACDOR DE NÚMERO DE CONTROL | |
| control field | DO-SdBNP |
| 005 - DATE AND TIME OF LATEST TRANSACTION | |
| control field | 20180215110026.0 |
| 008 - ELEMENTOS DE LONGITUD FIJA | |
| fixed length control field | 170117b2000 xx ||| |||| 00| 0 spa d |
| 020 ## - ISBN | |
| International Standard Book Number | 0769907962 |
| 040 ## - FUENTE DE CATALOGACIÓN | |
| Enlace | BPMSU |
| Campo enlazado y núm. de secuencia | spa |
| Agencia que crea de manera original el registro | BPMSU |
| Agencia que realiza la transcripción | dr |
| 100 ## - ASIENTO PRINCIPAL -- NOMBRE PERSONAL | |
| Nombre personal | Baker, Alan |
| 245 ## - MENCIÓN DE TITULO | |
| Título | El día de René, el conejo café / |
| Mención de responsabilidad | Alan Baker ; traducción Lourdes Pacheco, Lourdes Huici |
| 260 ## - PUBLICACIÓN, DISTRIBUCIÓN, ETC. (PIE DE IMPRENTA) | |
| Lugar de publicación, distribución, etc | United States: |
| Nombre del editor, distribuidor, etc. | Shortland Publications, |
| Fecha de publicación, distribución, etc | 2000 |
| 300 ## - DESCRIPCIÓN FÍSICA | |
| Extensión | 24 p. : |
| Otros detalles físicos | ils. ; |
| Dimensiones | 32 cm. |
| 700 ## - ASIENTO SECUNDARIO -- NOMBRE PERSONAL | |
| Nombre personal | Pacheco, Lourdes |
| Mención de responsabilidad | tr. |
| 700 ## - ASIENTO SECUNDARIO -- NOMBRE PERSONAL | |
| Nombre personal | Huici, Lourdes |
| Mención de responsabilidad | tr. |
| 942 ## - ADDED ENTRY ELEMENTS (KOHA) | |
| Source of classification or shelving scheme | Dewey Decimal Classification |
| Koha item type | Libros |
| 945 ## - INFORMACIÓN DE PROCESAMIENTO LOCAL | |
| Información de procesamiento local | Inventariado, 2018 / BT |
| 956 ## - LOCAL ELECTRONIC LOCATION AND ACCESS (OCLC) | |
| Método de acceso | VMATEO |
| Número de acceso | 10 |
| Información de compresión | 20170117 |
| Trayectoria | BPMSU |
| Nombre Electrónico | 0069 |
| Withdrawn status | Lost status | Source of classification or shelving scheme | Damaged status | Not for loan | Collection code | Home library | Current library | Date acquired | Source of acquisition | Total Checkouts | Barcode | Date last seen | Price effective from | Koha item type |
|---|---|---|---|---|---|---|---|---|---|---|---|---|---|---|
| Dewey Decimal Classification | Colección Infantil General | Biblioteca Pública Metropolitana Salomé Ureña | Biblioteca Pública Metropolitana Salomé Ureña | 01/17/2017 | Sin sellar | BPMSU17010719 | 01/17/2017 | 01/17/2017 | Libros |